000 00334nam a2200145Ia 4500
005 20251222153616.0
008 251222s9999||||xx |||||||||||||| ||spa||
020 _a847050858X
082 _a340/S45
100 _aSevilla,Bujalanche, Juan Luis
245 0 _aLa Persona:
250 _a1ra.ed.
264 _bEDICEP C.B.
942 _cLIB
999 _c31812
_d31812